[Event "Titled Tuesday intern op 02nd Apr Late"]
[Site "Chess.com INT"]
[Date "2024.04.02"]
[Round "8"]
[White "Baches Garcia, Guillermo"]
[Black "Zeynalov, Rashad"]
[Result "0-1"]
[WhiteElo "2322"]
[BlackElo "2127"]
[PlyCount "82"]
[EventDate "2024.04.02"]
[EventType "swiss (blitz)"]
[EventRounds "11"]
[EventCountry "USA"]
[SourceTitle "CB15_2024"]
[SourceDate "2024.04.10"]
[SourceVersion "1"]
[SourceVersionDate "2024.04.10"]
[SourceQuality "1"]

1. d4 d5 2. Nf3 Nf6 3. c4 e6 4. cxd5 exd5 5. Qc2 c6 6. Nc3 g6 7. Bg5 Be7 8. e3 Bf5 9. Bd3 Bxd3 10. Qxd3 Nbd7 11. Bh6 Ng4 12. Bf4 0-0 13. h3 Ngf6 14. 0-0 Re8 15. Rab1 Nb6 16. Ne5 Nfd7 17. Nf3 Bb4 18. Rfc1 Qe7 19. Ne5 Nxe5 20. Bxe5 Bd6 21. Bxd6 Qxd6 22. Ne2 Re4 23. b3 Rae8 24. Qd2 Qa3 25. Nf4 Kg7 26. Nd3 Qd6 27. Qa5 Nc8 28. Nc5 R4e7 29. Qd2 g5 30. b4 Nb6 31. b5 Nc4 32. Qc3 h5 33. bxc6 bxc6 34. Nb7 Qg6 35. Na5 Nxa5 36. Qxa5 g4 37. hxg4 hxg4 38. g3 Qe4 39. Kf1 Qh1+ 40. Ke2 Qf3+ 41. Kd3 Qxf2 0-1

[Event "Titled Tuesday intern op 02nd Apr Early"]
[Site "Chess.com INT"]
[Date "2024.04.02"]
[Round "4"]
[White "Bournel, Antoine"]
[Black "Zeynalov, Rashad"]
[Result "1/2-1/2"]
[WhiteElo "2329"]
[BlackElo "2127"]
[PlyCount "158"]
[EventDate "2024.04.02"]
[EventType "swiss (blitz)"]
[EventRounds "11"]
[EventCountry "USA"]
[SourceTitle "CB15_2024"]
[SourceDate "2024.04.10"]
[SourceVersion "1"]
[SourceVersionDate "2024.04.10"]
[SourceQuality "1"]

1. d4 d5 2. c4 e6 3. Nc3 Be7 4. Nf3 Nf6 5. Bg5 h6 6. Bxf6 Bxf6 7. e3 0-0 8. Rc1 dxc4 9. Bxc4 Nd7 10. 0-0 c5 11. Qe2 b6 12. Rfd1 cxd4 13. exd4 Bb7 14. d5 e5 15. Ne4 Qe7 16. d6 Qd8 17. Ba6 Bxa6 18. Qxa6 Bg5 19. Nfxg5 hxg5 20. Rc7 f5 21. Nxg5 Qxg5 22. Rxd7 f4 23. Qc4+ Kh8 24. Qe6 Rf5 25. Qe7 Rf6 26. Rd8+ Rxd8 27. Qxd8+ Kh7 28. d7 Rd6 29. Rxd6 Qxd8 30. g3 f3 31. h4 Kg8 32. Kh2 Kf7 33. Kh3 Ke7 34. Rd2 g5 35. hxg5 Qh8+ 36. Kg4 Kd8 37. Kxf3 Qh3 38. Ke3 Qg4 39. a3 Qxg5+ 40. Ke2 Qg4+ 41. Ke3 Qc4 42. Rd3 Qc1+ 43. Rd2 b5 44. Ke2 a5 45. Ke3 b4 46. axb4 axb4 47. Ke2 Qc4+ 48. Ke1 e4 49. Rd1 Qc7 50. Rd2 e3 51. fxe3 Qxg3+ 52. Ke2 b3 53. Kd3 Kxd7 54. Kc3+ Kc6 55. Kxb3 Qxe3+ 56. Kc2 Kc5 57. Rd3 Qe4 58. Kd2 Kc4 59. Rc3+ Kd4 60. Kc1 Qe2 61. Ra3 Kc4 62. Rc3+ Kb4 63. Ra3 Qe4 64. Rc3 Qf5 65. Ra3 Qd5 66. Rc3 Qd4 67. Ra3 Kc4 68. Rc3+ Kd5 69. Ra3 Ke4 70. Rc3 Qg1+ 71. Kc2 Qf2+ 72. Kc1 Qe1+ 73. Kc2 Qe2+ 74. Kc1 Kd4 75. Ra3 Kc4 76. Rc3+ Kb4 77. Ra3 Qc4+ 78. Rc3 Qxc3+ 79. bxc3+ Kxc3 1/2-1/2

[Event "Titled Tuesday intern op 02nd Apr Early"]
[Site "Chess.com INT"]
[Date "2024.04.02"]
[Round "9"]
[White "Materia, Marco"]
[Black "Zeynalov, Rashad"]
[Result "1-0"]
[WhiteElo "2438"]
[BlackElo "2127"]
[PlyCount "67"]
[EventDate "2024.04.02"]
[EventType "swiss (blitz)"]
[EventRounds "11"]
[EventCountry "USA"]
[SourceTitle "CB15_2024"]
[SourceDate "2024.04.10"]
[SourceVersion "1"]
[SourceVersionDate "2024.04.10"]
[SourceQuality "1"]

1. Nf3 d5 2. e3 Nf6 3. b3 e6 4. Bb2 Be7 5. Be2 0-0 6. 0-0 b6 7. c4 Bb7 8. Nc3 dxc4 9. bxc4 c5 10. Qc2 Nc6 11. Rac1 Qd7 12. Rfd1 Rfd8 13. d4 cxd4 14. exd4 Rac8 15. d5 Nb4 16. Qb3 exd5 17. cxd5 Qf5 18. Nd4 Qg5 19. Bf3 Nbxd5 20. h4 Qxh4 21. Nf5 Qb4 22. Nxd5 Bxd5 23. Rxc8 Rxc8 24. Bxd5 Nxd5 25. Qxb4 Bxb4 26. Rxd5 Bc5 27. Bxg7 Re8 28. Bf6 h5 29. Rd7 Re1+ 30. Kh2 Bxf2 31. Rd8+ Kh7 32. Ne7 Bg1+ 33. Kg3 Re3+ 34. Kf4 1-0

[Event "Titled Tuesday intern op 08th Aug Late"]
[Site "Chess.com INT"]
[Date "2023.08.08"]
[Round "2"]
[White "Zeynalov, Rashad"]
[Black "Dzida, Kamil"]
[Result "1-0"]
[WhiteElo "2194"]
[BlackElo "2356"]
[PlyCount "54"]
[EventDate "2023.08.08"]
[EventType "swiss (blitz)"]
[EventRounds "11"]
[EventCountry "USA"]
[SourceTitle "EXT 2024"]
[Source "ChessBase"]
[SourceDate "2023.10.10"]
[SourceVersion "1"]
[SourceVersionDate "2023.10.10"]
[SourceQuality "1"]

1. e4 e5 2. Nf3 Nc6 3. Bc4 Nf6 4. Ng5 d5 5. exd5 Na5 6. Bb5+ c6 7. dxc6 bxc6 8. Bd3 Nd5 9. Nf3 Bd6 10. 0-0 0-0 11. Re1 f5 12. Nxe5 Qf6 13. Nf3 g5 14. c4 Nf4 15. Bf1 g4 16. d4 gxf3 17. Qxf3 Ng6 18. c5 Bc7 19. b4 Nb7 20. Bb2 Be6 21. Qxc6 Rae8 22. Qxc7 Bd5 23. Nd2 f4 24. Bc4 Bxc4 25. Nxc4 f3 26. d5 Qf7 27. Qxf7+ Kxf7 1-0

[Event "Titled Tuesday intern op 08th Aug Early"]
[Site "Chess.com INT"]
[Date "2023.08.08"]
[Round "11"]
[White "Zeynalov, Rashad"]
[Black "Kumsiashvili, Nikoloz"]
[Result "0-1"]
[WhiteElo "2194"]
[BlackElo "2399"]
[PlyCount "52"]
[EventDate "2023.08.08"]
[EventType "swiss (blitz)"]
[EventRounds "11"]
[EventCountry "USA"]
[SourceTitle "EXT 2024"]
[Source "ChessBase"]
[SourceDate "2023.10.10"]
[SourceVersion "1"]
[SourceVersionDate "2023.10.10"]
[SourceQuality "1"]

1. e4 c5 2. Nf3 e6 3. g3 Nc6 4. Bg2 d5 5. exd5 exd5 6. d4 Nf6 7. 0-0 Be7 8. dxc5 0-0 9. a3 Bxc5 10. b4 Bb6 11. Bb2 Bg4 12. h3 Bh5 13. Nc3 Ne4 14. g4 Nxc3 15. Bxc3 Bg6 16. Nd4 Bxd4 17. Bxd4 Bxc2 18. Qxc2 Nxd4 19. Qd3 Ne6 20. Qxd5 Qh4 21. Qxb7 Ng5 22. Kh2 Rad8 23. Qxa7 Rd3 24. f3 Rd2 25. Kg1 Nxh3+ 26. Bxh3 Qg3+ 0-1

[Event "Titled Tuesday intern op 08th Aug Early"]
[Site "Chess.com INT"]
[Date "2023.08.08"]
[Round "3"]
[White "Zeynalov, Rashad"]
[Black "Nathan, Nitish"]
[Result "0-1"]
[WhiteElo "2194"]
[BlackElo "2220"]
[PlyCount "94"]
[EventDate "2023.08.08"]
[EventType "swiss (blitz)"]
[EventRounds "11"]
[EventCountry "USA"]
[SourceTitle "EXT 2024"]
[Source "ChessBase"]
[SourceDate "2023.10.10"]
[SourceVersion "1"]
[SourceVersionDate "2023.10.10"]
[SourceQuality "1"]

1. e4 c5 2. Nf3 Nc6 3. Bb5 e6 4. 0-0 Nge7 5. d4 cxd4 6. Nxd4 Qb6 7. Nxc6 bxc6 8. Bd3 Ng6 9. Kh1 Be7 10. f4 0-0 11. Nd2 d5 12. Qh5 f5 13. exf5 exf5 14. Nf3 Ba6 15. Bxa6 Qxa6 16. Bd2 Bf6 17. Qxf5 Rae8 18. Qd3 Qxd3 19. cxd3 Bxb2 20. Rab1 Ba3 21. Rb7 Rf7 22. Rfb1 Bc5 23. Rxf7 Kxf7 24. Rc1 Bd6 25. Rxc6 Bxf4 26. Rxg6 Bxd2 27. Rd6 Rc8 28. g3 Rc1+ 29. Kg2 Rc2 30. Kh3 Rxa2 31. Rxd5 a5 32. Kg4 Ra4+ 33. Kf5 g6+ 34. Ke5 Bc3+ 35. d4 Ra1 36. Ng5+ Kg7 37. Rd7+ Kg8 38. Nxh7 Re1+ 39. Kf4 Bxd4 40. Kg5 Re6 41. Rxd4 Kxh7 42. Rd7+ Kg8 43. Ra7 Re5+ 44. Kxg6 Re6+ 45. Kf5 Rh6 46. h4 Rh7 47. Ra8+ Kg7 0-1

[Event "Titled Tuesday intern op 08th Aug Late"]
[Site "Chess.com INT"]
[Date "2023.08.08"]
[Round "4"]
[White "Zeynalov, Rashad"]
[Black "Villa Tornero, Alex"]
[Result "1-0"]
[WhiteElo "2194"]
[BlackElo "2225"]
[PlyCount "85"]
[EventDate "2023.08.08"]
[EventType "swiss (blitz)"]
[EventRounds "11"]
[EventCountry "USA"]
[SourceTitle "EXT 2024"]
[Source "ChessBase"]
[SourceDate "2023.10.10"]
[SourceVersion "1"]
[SourceVersionDate "2023.10.10"]
[SourceQuality "1"]

1. e4 c5 2. Nf3 e6 3. g3 Nc6 4. Bg2 Nf6 5. Qe2 d5 6. exd5 Nxd5 7. 0-0 Be7 8. Rd1 Qb6 9. Na3 0-0 10. Nc4 Qa6 11. Bf1 Nd4 12. Nxd4 cxd4 13. Ne5 Qxe2 14. Bxe2 f6 15. Nf3 e5 16. c3 Bg4 17. Nxd4 Bxe2 18. Nxe2 Rad8 19. d4 e4 20. Nf4 Nc7 21. Re1 f5 22. f3 Bd6 23. fxe4 fxe4 24. Rxe4 Rde8 25. Rxe8 Rxe8 26. Kf2 Rf8 27. Ke2 Re8+ 28. Kd1 g5 29. Nh5 Kf7 30. g4 Re4 31. h3 Kg6 32. Bd2 Nd5 33. Kc2 Re2 34. Re1 Ne3+ 35. Kd3 Rxe1 36. Bxe1 Ng2 37. Bd2 Nh4 38. Ke4 Bc7 39. c4 h6 40. c5 Kf7 41. d5 Ng6 42. d6 Ba5 43. Bxa5 1-0

[Event "Titled Tuesday intern op 01st Aug Early"]
[Site "Chess.com INT"]
[Date "2023.08.01"]
[Round "8"]
[White "Toropov, Pavel"]
[Black "Zeynalov, Rashad"]
[Result "0-1"]
[WhiteElo "2336"]
[BlackElo "2194"]
[PlyCount "130"]
[EventDate "2023.08.01"]
[EventType "swiss (blitz)"]
[EventRounds "11"]
[EventCountry "USA"]
[SourceTitle "EXT 2024"]
[Source "ChessBase"]
[SourceDate "2023.10.10"]
[SourceVersion "1"]
[SourceVersionDate "2023.10.10"]
[SourceQuality "1"]

1. e4 c6 2. d4 d5 3. exd5 cxd5 4. Bd3 Nc6 5. c3 Nf6 6. h3 e5 7. dxe5 Nxe5 8. Nf3 Nxd3+ 9. Qxd3 Bd6 10. 0-0 0-0 11. Be3 Bc7 12. Na3 a6 13. Nc2 Qd6 14. Rad1 Be6 15. Bd4 Ne4 16. Be5 Qe7 17. Bxc7 Qxc7 18. Ne3 Rad8 19. Qd4 Qf4 20. Qe5 Qxe5 21. Nxe5 d4 22. cxd4 Bxa2 23. d5 Rfe8 24. Nf3 Nf6 25. Rd4 Re4 26. Rxe4 Nxe4 27. Rd1 Nd6 28. Ra1 Bc4 29. Rc1 b5 30. Ne5 f6 31. Nc6 Re8 32. Ra1 Ra8 33. f3 Kf8 34. Kf2 g5 35. Ra3 f5 36. b3 f4 37. bxc4 fxe3+ 38. Rxe3 bxc4 39. Ra3 Kf7 40. Ke3 Kf6 41. Ra5 Re8+ 42. Kd4 Re2 43. Rxa6 Rxg2 44. Nd8 Ke7 45. Ne6 Rd2+ 46. Ke5 Nf7+ 47. Ke4 Nd6+ 48. Ke5 Nf7+ 49. Ke4 c3 50. Ra7+ Kf6 51. Nd4 Nd6+ 52. Ke3 Nc4+ 53. Ke4 c2 54. Nxc2 Rxc2 55. Kd3 Rc1 56. Ra6+ Kf5 57. Rc6 Ne5+ 58. Kd2 Nxc6 59. Kxc1 Ne5 60. Kd2 Nxf3+ 61. Ke3 Ne5 62. d6 Nd7 63. Kf3 h5 64. Kg3 Ke5 65. h4 g4 0-1

[Event "Titled Tuesday intern op 01st Aug Early"]
[Site "Chess.com INT"]
[Date "2023.08.01"]
[Round "1"]
[White "Zeynalov, Rashad"]
[Black "Eggleston, Thomas"]
[Result "1-0"]
[WhiteElo "2194"]
[BlackElo "2215"]
[PlyCount "53"]
[EventDate "2023.08.01"]
[EventType "swiss (blitz)"]
[EventRounds "11"]
[EventCountry "USA"]
[SourceTitle "EXT 2024"]
[Source "ChessBase"]
[SourceDate "2023.10.10"]
[SourceVersion "1"]
[SourceVersionDate "2023.10.10"]
[SourceQuality "1"]

1. e4 e6 2. d4 d5 3. Nd2 c5 4. Ngf3 cxd4 5. Nxd4 Nc6 6. Bb5 Bd7 7. Nxc6 bxc6 8. Bd3 Bd6 9. Qe2 e5 10. c4 d4 11. f4 exf4 12. e5 Bb4 13. 0-0 Ne7 14. Ne4 0-0 15. Qh5 Ng6 16. Ng5 h6 17. Nxf7 Rxf7 18. Qxg6 Qc8 19. Qh7+ Kf8 20. Bxf4 Ke7 21. Bxh6 Be6 22. Bg5+ Kd7 23. Rxf7+ Bxf7 24. Bf5+ Be6 25. Qxg7+ Ke8 26. Bg6+ Bf7 27. Qxf7# 1-0

[Event "Titled Tuesday intern op 25th Jul Early"]
[Site "Chess.com INT"]
[Date "2023.07.25"]
[Round "1"]
[White "Haraguchi, Diego Sashaki"]
[Black "Zeynalov, Rashad"]
[Result "1-0"]
[WhiteElo "1967"]
[BlackElo "2209"]
[PlyCount "163"]
[EventDate "2023.07.25"]
[EventType "swiss (blitz)"]
[EventRounds "11"]
[EventCountry "USA"]
[SourceTitle "EXT 2024"]
[Source "ChessBase"]
[SourceDate "2023.10.10"]
[SourceVersion "1"]
[SourceVersionDate "2023.10.10"]
[SourceQuality "1"]

1. d4 d5 2. c4 e6 3. Nf3 Nf6 4. g3 Be7 5. Bg2 0-0 6. 0-0 dxc4 7. Qc2 b5 8. a4 b4 9. Qxc4 Ba6 10. Qc2 Nbd7 11. Ne5 Nxe5 12. dxe5 Nd5 13. Rd1 Qc8 14. e4 Nb6 15. b3 Rd8 16. Be3 Rxd1+ 17. Qxd1 c5 18. a5 Nd7 19. Nd2 Nxe5 20. Qc2 c4 21. bxc4 Nxc4 22. Nxc4 Qxc4 23. Qxc4 Bxc4 24. Rc1 b3 25. Bd4 Ba3 26. Rxc4 b2 27. Bxb2 Bxb2 28. a6 e5 29. Bh3 Bd4 30. Kg2 Kf8 31. Rc7 Rb8 32. Rb7 Rd8 33. Bd7 Bb6 34. Bc6 Bc5 35. Bd5 f5 36. Rf7+ Ke8 37. Rxf5 Bd4 38. Rf3 Rd6 39. Bb7 Rb6 40. g4 Ke7 41. h4 Rb2 42. Kg3 Rb1 43. g5 Rg1+ 44. Kh2 Rg4 45. Kh3 Rg1 46. Rf5 Rh1+ 47. Kg3 Rg1+ 48. Kh2 Rg4 49. f3 Rxh4+ 50. Kg3 Rh1 51. Kg2 Rg1+ 52. Kh2 Ra1 53. Kg2 h5 54. gxh6 gxh6 55. Rh5 Rg1+ 56. Kh2 Rg6 57. Rf5 Kd6 58. Kh3 Be3 59. Kh4 Rg1 60. Kh3 Bf4 61. Kh4 Rh1+ 62. Kg4 Rg1+ 63. Kh5 Rh1+ 64. Kg6 Rg1+ 65. Kf6 Rg3 66. Rxf4 exf4 67. e5+ Kc7 68. e6 Rg2 69. e7 Re2 70. Kf7 Kd7 71. Be4 Rxe4 72. fxe4 f3 73. e8Q+ Kd6 74. e5+ Kc5 75. Qa8 Kd4 76. Qxa7+ Ke4 77. Qf2 Kf4 78. a7 h5 79. a8Q h4 80. Qaxf3+ Kg5 81. Qf4+ Kh5 82. Q2xh4# 1-0

[Event "TUR-chT 2nd League"]
[Site "Denizli"]
[Date "2023.07.14"]
[Round "8.91"]
[White "Bayramov, Elvin Shamil Oglu"]
[Black "Zeynalov, Rashad"]
[Result "1-0"]
[WhiteElo "2193"]
[BlackElo "2209"]
[PlyCount "193"]
[EventDate "2023.07.09"]
[EventType "team-swiss"]
[EventRounds "9"]
[EventCountry "TUR"]
[SourceTitle "CBM 215 Extra"]
[Source "ChessBase"]
[SourceDate "2023.09.30"]
[SourceVersion "1"]
[SourceVersionDate "2023.09.30"]
[SourceQuality "1"]
[WhiteTeam "Altinkale Kultur"]
[BlackTeam "Karaman Yunus Emre"]
[WhiteTeamCountry "TUR"]
[BlackTeamCountry "TUR"]

1. e4 c6 2. d4 d5 3. Nc3 dxe4 4. Nxe4 Nf6 5. Ng3 h5 6. Nf3 h4 7. Ne2 Bf5 8. Bg5 Qa5+ 9. c3 Be4 10. Qc1 Bxf3 11. gxf3 Nbd7 12. Bh3 e6 13. Rg1 0-0-0 14. Be3 Nb6 15. f4 g6 16. Qc2 Rh5 17. Nc1 Nfd5 18. Nd3 Nc4 19. Ne5 Nxe5 20. fxe5 c5 21. Bg4 cxd4 22. Bxd4 Rh8 23. Qb3 Bh6 24. Kd1 Bf4 25. Kc2 Bxh2 26. Rge1 Nb6 27. Re4 g5 28. Bf3 Bf4 29. Rf1 Rxd4 30. Rxd4 Bxe5 31. Rb4 Qc5 32. Rb5 Qc7 33. Qa3 Kb8 34. Rc5 Qd7 35. Rd1 Bd6 36. Qb3 Rd8 37. Rxg5 Qc7 38. a4 Bf4 39. Rgg1 Rxd1 40. Rxd1 Qc5 41. Kb1 Qxf2 42. Bh1 Qc5 43. Qc2 a5 44. Qe4 Qf5 45. Qxf5 exf5 46. Rf1 Be5 47. Rxf5 f6 48. Rh5 Nxa4 49. Rh7 Nc5 50. b4 axb4 51. cxb4 Nd3 52. Be4 Nf2 53. Rxb7+ Kc8 54. Bd5 Bc7 55. b5 Nd1 56. Bf3 Nc3+ 57. Kc2 Na4 58. Ra7 Nb6 59. Bc6 h3 60. Kd3 f5 61. Ra1 Bg3 62. Ra7 Bc7 63. Kd4 h2 64. Ra1 Bg3 65. Bh1 Kd7 66. Rf1 Ke6 67. Rf3 f4 68. Rf1 Kd6 69. Rc1 Bf2+ 70. Ke4 Be3 71. Rc2 Na4 72. Kf5 Nb6 73. Ke4 Na4 74. Kf5 Nb6 75. Rc6+ Kd7 76. Rh6 Nc4 77. Bc6+ Kc7 78. Rxh2 Kb6 79. Ke4 Bc5 80. Rh8 f3 81. Rb8+ Kc7 82. Rb7+ Kd6 83. Rd7+ Ke6 84. Rd1 Ne5 85. Bd5+ Kf6 86. Kf4 f2 87. Bg2 Nc4 88. Bh3 Nd6 89. Rd5 Nb7 90. Kf3 Bd6 91. Kxf2 Ke7 92. Bc8 Nc5 93. b6 Ne4+ 94. Ke3 Nc3 95. Rh5 Na4 96. b7 Kd8 97. Rd5 1-0

[Event "TUR-chT 2nd League"]
[Site "Denizli"]
[Date "2023.07.13"]
[Round "7.111"]
[White "Zeynalov, Rashad"]
[Black "Uzunoglu, Efe Kerem"]
[Result "1-0"]
[WhiteElo "2209"]
[BlackElo "2072"]
[PlyCount "45"]
[EventDate "2023.07.09"]
[EventType "team-swiss"]
[EventRounds "9"]
[EventCountry "TUR"]
[SourceTitle "CBM 215 Extra"]
[Source "ChessBase"]
[SourceDate "2023.09.30"]
[SourceVersion "1"]
[SourceVersionDate "2023.09.30"]
[SourceQuality "1"]
[WhiteTeam "Karaman Yunus Emre"]
[BlackTeam "Cigli Batubey"]
[WhiteTeamCountry "TUR"]
[BlackTeamCountry "TUR"]

1. e4 c5 2. Nf3 d6 3. Bb5+ Nd7 4. a4 Ngf6 5. Nc3 g6 6. 0-0 Bg7 7. a5 a6 8. Be2 0-0 9. d3 Qc7 10. Bf4 Ne5 11. Bxe5 dxe5 12. Nd2 Be6 13. b3 Nd7 14. Bg4 f5 15. Bh3 Bh6 16. Nf3 Nb8 17. exf5 gxf5 18. Nh4 Bg7 19. Qh5 e4 20. Nxe4 Bf7 21. Qxf5 Bxa1 22. Ng5 Bg6 23. Qxf8+ 1-0

[Event "TUR-chT 2nd League"]
[Site "Denizli"]
[Date "2023.07.12"]
[Round "5.151"]
[White "Zeynalov, Rashad"]
[Black "Asgari, Morteza"]
[Result "0-1"]
[WhiteElo "2209"]
[BlackElo "2149"]
[PlyCount "63"]
[EventDate "2023.07.09"]
[EventType "team-swiss"]
[EventRounds "9"]
[EventCountry "TUR"]
[SourceTitle "CBM 215 Extra"]
[Source "ChessBase"]
[SourceDate "2023.09.30"]
[SourceVersion "1"]
[SourceVersionDate "2023.09.30"]
[SourceQuality "1"]
[WhiteTeam "Karaman Yunus Emre"]
[BlackTeam "Altin Hamle Corum"]
[WhiteTeamCountry "TUR"]
[BlackTeamCountry "TUR"]

1. e4 c5 2. Nf3 Nc6 3. Bb5 d6 4. 0-0 Bd7 5. Re1 Nf6 6. c3 a6 7. Bf1 Bg4 8. d4 cxd4 9. cxd4 Bxf3 10. gxf3 d5 11. Nc3 e6 12. exd5 Nxd5 13. Qb3 Bb4 14. Qxd5 Qxd5 15. Nxd5 Bxe1 16. Nc7+ Kd7 17. Nxa8 Rxa8 18. Bf4 Bb4 19. d5 exd5 20. Rd1 Ke6 21. a3 Ba5 22. h4 h6 23. Rc1 g5 24. Bh3+ f5 25. hxg5 hxg5 26. Bg3 Rh8 27. Bf1 f4 28. Bxa6 Nd4 29. Bd3 fxg3 30. fxg3 Nxf3+ 31. Kf2 g4 32. Bf1 0-1

[Event "Titled Tuesday intern op 27th Jun Late"]
[Site "Chess.com INT"]
[Date "2023.06.27"]
[Round "7"]
[White "Kujawski, Adam"]
[Black "Zeynalov, Rashad"]
[Result "0-1"]
[WhiteElo "2173"]
[BlackElo "2200"]
[PlyCount "50"]
[EventDate "2023.06.27"]
[EventType "swiss (blitz)"]
[EventRounds "11"]
[EventCountry "USA"]
[SourceTitle "EXT 2024"]
[Source "ChessBase"]
[SourceDate "2023.10.10"]
[SourceVersion "1"]
[SourceVersionDate "2023.10.10"]
[SourceQuality "1"]

1. e4 c6 2. d4 d5 3. f3 dxe4 4. fxe4 e5 5. Nf3 Be6 6. c3 Nf6 7. Bd3 Nbd7 8. 0-0 Bd6 9. Kh1 Qe7 10. Bg5 h6 11. Bh4 g5 12. Bg3 Nh5 13. Bxe5 Bxe5 14. dxe5 0-0-0 15. Qc2 Nf4 16. Be2 Bg4 17. Na3 Nxe2 18. Qxe2 Nxe5 19. Rad1 Qc5 20. Rxd8+ Rxd8 21. Rd1 Rxd1+ 22. Qxd1 Qf2 23. Qd2 Qf1+ 24. Ng1 Nf3 25. Qe3 Ne1 0-1

[Event "Titled Tuesday intern op 27th Jun Late"]
[Site "Chess.com INT"]
[Date "2023.06.27"]
[Round "9"]
[White "Zavortink, Matt B"]
[Black "Zeynalov, Rashad"]
[Result "0-1"]
[WhiteElo "2135"]
[BlackElo "2200"]
[PlyCount "50"]
[EventDate "2023.06.27"]
[EventType "swiss (blitz)"]
[EventRounds "11"]
[EventCountry "USA"]
[SourceTitle "EXT 2024"]
[Source "ChessBase"]
[SourceDate "2023.10.10"]
[SourceVersion "1"]
[SourceVersionDate "2023.10.10"]
[SourceQuality "1"]

1. Nf3 d5 2. d4 Nf6 3. Bf4 e6 4. e3 Bd6 5. Bg3 c5 6. c3 Bxg3 7. hxg3 Nbd7 8. Nbd2 Qc7 9. Qc2 e5 10. Nxe5 Nxe5 11. dxe5 Qxe5 12. Bb5+ Bd7 13. Bxd7+ Kxd7 14. 0-0-0 Kc7 15. c4 Rad8 16. cxd5 Rxd5 17. Nf3 Qd6 18. e4 Rxd1+ 19. Rxd1 Qe7 20. e5 Nd7 21. Rd5 Kb8 22. Kb1 Rc8 23. Qxh7 g6 24. Qh4 Qe6 25. Qe4 Nf6 0-1

[Event "Titled Tuesday intern op 27th Jun Late"]
[Site "Chess.com INT"]
[Date "2023.06.27"]
[Round "4"]
[White "Zeynalov, Rashad"]
[Black "Gulamali, Kazim"]
[Result "0-1"]
[WhiteElo "2200"]
[BlackElo "2243"]
[PlyCount "86"]
[EventDate "2023.06.27"]
[EventType "swiss (blitz)"]
[EventRounds "11"]
[EventCountry "USA"]
[SourceTitle "EXT 2024"]
[Source "ChessBase"]
[SourceDate "2023.10.10"]
[SourceVersion "1"]
[SourceVersionDate "2023.10.10"]
[SourceQuality "1"]

1. e4 e5 2. Nf3 Nc6 3. Bc4 Nf6 4. Ng5 d5 5. exd5 Na5 6. Bb5+ c6 7. dxc6 bxc6 8. Bd3 h6 9. Ne4 Nd5 10. 0-0 Be7 11. Re1 0-0 12. Ng3 Bd6 13. Bf5 Bxf5 14. Nxf5 Qf6 15. Nxd6 Qxd6 16. d3 f5 17. Nd2 Rae8 18. Nc4 Qc7 19. Nxa5 Qxa5 20. Bd2 Qc7 21. c3 Kh7 22. Qa4 Re6 23. f4 Qb6+ 24. Kh1 Qxb2 25. Rad1 Rfe8 26. fxe5 Rxe5 27. Rxe5 Rxe5 28. Qd4 Re2 29. Bc1 Qxc3 30. Qxa7 c5 31. h3 Re1+ 32. Rxe1 Qxe1+ 33. Kh2 Qxc1 34. Qd7 Qf4+ 35. Kh1 Ne3 36. Qc6 Qf1+ 37. Kh2 Qxd3 38. Qxc5 Qe4 39. Kg3 Qxg2+ 40. Kf4 Qe4+ 41. Kg3 f4+ 42. Kf2 Qc2+ 43. Kf3 Qxc5 0-1

[Event "Cesme op-A 9th"]
[Site "Cesme"]
[Date "2023.06.23"]
[Round "7"]
[White "Eren, Ataberk"]
[Black "Zeynalov, Rashad"]
[Result "1/2-1/2"]
[WhiteElo "2342"]
[BlackElo "2200"]
[PlyCount "107"]
[EventDate "2023.06.19"]
[EventType "swiss"]
[EventRounds "9"]
[EventCountry "TUR"]
[SourceTitle "CBM 214 Extra"]
[Source "ChessBase"]
[SourceDate "2023.07.31"]
[SourceVersion "1"]
[SourceVersionDate "2023.07.31"]
[SourceQuality "1"]

1. e4 c6 2. d4 d5 3. exd5 cxd5 4. Bf4 Nf6 5. c3 Nc6 6. Nd2 Bf5 7. Qb3 Na5 8. Qa4+ Bd7 9. Qc2 g6 10. Bd3 Bg7 11. Ngf3 0-0 12. h3 b5 13. 0-0 Nc4 14. Rae1 Rc8 15. Ne5 Nh5 16. Bh2 f5 17. Nb3 Nf6 18. Bxc4 bxc4 19. Nc5 Rxc5 20. dxc5 Ne4 21. Qd1 e6 22. Qd4 Qe7 23. c6 Bc8 24. b4 cxb3 25. axb3 Ba6 26. c4 dxc4 27. Ra1 Nc5 28. bxc4 Nb3 29. Qc3 Nxa1 30. Rxa1 f4 31. Re1 Qc5 32. Qa1 Bxc4 33. Qc3 Rf5 34. Qxc4 Rxe5 35. Qf1 Rxe1 36. Qxe1 e5 37. Bxf4 Qxc6 38. Bxe5 Qe6 39. Bc3 Qxe1+ 40. Bxe1 Kf7 41. Kf1 Ke6 42. Ke2 Kd5 43. Kd3 Bd4 44. f4 Bb6 45. g4 a5 46. Bc3 a4 47. f5 gxf5 48. gxf5 Bd8 49. Bb2 h5 50. Ke3 Bc7 51. Kd3 Be5 52. Ba3 Bd6 53. Bb2 a3 54. Bxa3 1/2-1/2

[Event "Cesme op-A 9th"]
[Site "Cesme"]
[Date "2023.06.22"]
[Round "6"]
[White "Zeynalov, Rashad"]
[Black "Haznedaroglu, Kivanc"]
[Result "1/2-1/2"]
[WhiteElo "2200"]
[BlackElo "2422"]
[PlyCount "102"]
[EventDate "2023.06.19"]
[EventType "swiss"]
[EventRounds "9"]
[EventCountry "TUR"]
[SourceTitle "CBM 214 Extra"]
[Source "ChessBase"]
[SourceDate "2023.07.31"]
[SourceVersion "1"]
[SourceVersionDate "2023.07.31"]
[SourceQuality "1"]

1. d4 Nf6 2. Nf3 d6 3. Bf4 g6 4. h3 Bg7 5. e3 b6 6. a4 a6 7. c4 a5 8. Nc3 Bb7 9. Bd3 Nc6 10. e4 Nxd4 11. Nxd4 e5 12. Be3 exd4 13. Bxd4 0-0 14. 0-0 Re8 15. Re1 Nd7 16. Bf1 Nc5 17. Bxg7 Kxg7 18. Qd4+ Qf6 19. Qxf6+ Kxf6 20. f3 Bc6 21. Nd5+ Bxd5 22. cxd5 g5 23. Bb5 Re7 24. Kf2 h5 25. g3 g4 26. Ra3 Kg7 27. Rae3 gxf3 28. e5 Kg6 29. exd6 Rxe3 30. Rxe3 cxd6 31. Re7 Kf6 32. Rc7 Ke5 33. Kxf3 f5 34. Rh7 Kxd5 35. Rxh5 Ke5 36. g4 Rf8 37. Ke3 d5 38. h4 d4+ 39. Kf3 Rf6 40. Rg5 Ne6 41. Rxf5+ Rxf5+ 42. gxf5 Nc5 43. Kg4 d3 44. h5 d2 45. Be2 Kf6 46. Bd1 Nd3 47. Kf3 Nxb2 48. Ke2 Kxf5 49. Kxd2 Kg5 50. Bb3 Kxh5 51. Kc3 Nxa4+ 1/2-1/2

[Event "Cesme op-A 9th"]
[Site "Cesme"]
[Date "2023.06.20"]
[Round "3"]
[White "Yelligedik, Murat"]
[Black "Zeynalov, Rashad"]
[Result "0-1"]
[WhiteElo "2015"]
[BlackElo "2200"]
[PlyCount "106"]
[EventDate "2023.06.19"]
[EventType "swiss"]
[EventRounds "9"]
[EventCountry "TUR"]
[SourceTitle "CBM 214 Extra"]
[Source "ChessBase"]
[SourceDate "2023.07.31"]
[SourceVersion "1"]
[SourceVersionDate "2023.07.31"]
[SourceQuality "1"]

1. e4 c6 2. d4 d5 3. exd5 cxd5 4. Bd3 Nc6 5. c3 Nf6 6. Bf4 g6 7. Nf3 Bf5 8. Bxf5 gxf5 9. Qb3 Qd7 10. Ne5 Nxe5 11. Bxe5 Rg8 12. Bxf6 exf6 13. 0-0 0-0-0 14. f4 Re8 15. Nd2 Bh6 16. Rf2 Rg4 17. g3 Re3 18. Kf1 Qe6 19. Qa4 Kb8 20. c4 Rg8 21. Qa5 dxc4 22. d5 Qd7 23. Nxc4 b6 24. Qa6 Re4 25. Rd1 Rc8 26. Nxb6 axb6 27. Qxb6+ Qb7 28. Qxf6 Qb5+ 29. Kg2 Bf8 30. d6 Qb7 31. Kh3 Re6 32. Qxf5 Bxd6 33. Rd5 Rh6+ 34. Kg4 Rg6+ 35. Kh5 Rf6 36. Qd3 Bc5 37. Rc2 Rfc6 38. a3 f6 39. Rd7 Qb6 40. Qf5 Bg1 41. Rxc6 Rxc6 42. Rxh7 Rc5 43. Rh8+ Ka7 44. Qxc5 Qxc5+ 45. Kg6 Qc2+ 46. f5 Bxh2 47. Rh7+ Kb6 48. Rf7 Bxg3 49. Rxf6+ Kc5 50. b4+ Kd5 51. Rf8 Bd6 52. Re8 Qg2+ 53. Kf7 Qg5 0-1